| 000 | 00417nam a2200133Ia 4500 | ||
|---|---|---|---|
| 008 | 211109s9999||||xx |||||||||||||| ||und|| | ||
| 082 |
_a944.05 _bROS-L |
||
| 100 | _aRose, John Holland | ||
| 245 | 0 | _aLife Of Napoleon I Vol I | |
| 260 |
_bNational Book Stall _aKottayam _c1901 |
||
| 630 | _xGeneral Stack | ||
| 650 |
_aNapoleon I, Emperor of the French, 1769-1822 _vfranceeuropeeuropean history _xGeneralia |
||
| 942 | _cBOOK | ||
| 999 |
_c6579 _d6579 |
||